| 000 | 00459nam a22001457a 4500 | ||
|---|---|---|---|
| 003 | OSt | ||
| 082 |
_a631.587 _bGUD/SP |
||
| 088 | _aT 523 | ||
| 100 |
_aGudidha Gopi _95115 |
||
| 245 | _aSpatial mapping of flood prone areas and risk Assessment of Chalakudy River basin using HEC- HMS and HEC-RAS Models | ||
| 260 |
_aKCAET,Tavanur _bDepartment of Irrigation and Drainage Engineering _c2021 |
||
| 300 | _a228 pages | ||
| 700 | _aRema k p (Guide) | ||
| 942 | _cTH | ||
| 999 |
_c17452 _d17452 |
||